| 000 | 00471cam a2200181ua 4500 | ||
|---|---|---|---|
| 001 | 14 | ||
| 008 | 150302n II |||gr||||Z||||||asm | ||
| 040 | _aMAIN | ||
| 041 | _aEnglish | ||
| 082 | _a891.491 SHA | ||
| 100 | _aSHARMA, SATYENDRANATH | ||
| 245 | _aBHAKTI GEETI PADA SANCHAYAN (Kabita) | ||
| 260 |
_aNEW DELHI _bSAHITYA ACADEMI (LBS Pub.) |
||
| 300 |
_a000: _c20CM. |
||
| 500 | _aNOT TO BE ISSUED--RARE COPY---One Copy Only | ||
| 653 | _aAsomiya Kabita | ||
| 942 | _cBK | ||
| 999 |
_c14 _d14 |
||